Statistiques concernant Les 50 plus grandes Aires Urbaines du Monde (2019)

Cliquez ici pour prendre le quiz!

Statistiques générales

  • Ce quiz a été pris 63 fois
  • Le résultat moyen est 36 sur 50

Statistiques - réponses

RangPaysAire Urbaine% Correct
3.IndeDelhi
98%
8.États-UnisNew York
98%
4.Corée du SudSéoul
98%
1.JaponTokyo
98%
16.États-UnisLos Angeles
97%
9.ÉgypteLe Caire
95%
26.Royaume-UniLondres
95%
13.MexiqueMexico
93%
23.RussieMoscou
93%
34.FranceParis
93%
11.ChinePékin
93%
36.BrésilRio de Janeiro
93%
5.IndeBombay
92%
22.ArgentineBuenos Aires
92%
24.TurquieIstanbul
90%
14.JaponKeihanshin (Osaka/Kyoto/Kobe)
90%
12.BrésilSão Paulo
90%
6.ChineShanghai
87%
15.ThaïlandeBangkok
85%
2.IndonésieJakarta
85%
7.PhilippinesManille
83%
46.États-UnisChicago
80%
43.PérouLima
80%
10.NigeriaLagos
78%
21.IranTéhéran
78%
31.IrakBagdad
77%
42.ColombieBogota
73%
29.Afrique du SudGauteng (Johannesburg/Pretoria)
72%
48.TaiwanTaipei
72%
37.République Démocratique du CongoKinshasa
70%
38.AllemagneRhin-Ruhr
70%
17.BangladeshDacca
68%
18.IndeCalcutta
67%
19.PakistanKarachi
67%
47.États-UnisWashington
67%
49.États-UnisSan Francisco - San José
65%
33.ChineCanton
58%
28.Viêt NamHô-Chi-Minh-Ville
58%
35.PakistanLahore
47%
45.ChineWuhan
45%
44.ChineShenzhen
42%
30.IndeBangalore
40%
32.IndeChennai
40%
39.JaponNagoya
38%
25.IndeHyderabad
35%
27.ChineChengdu
30%
20.ChineChongqing
30%
41.IndonésieSurabaya
28%
50.IndonésieBandung
27%
40.ChineTianjin
25%

Distribution des résultats

Percentile par nombre de réponses

% des personnes avec chaque résultat

Votre développement - résultats

Vous n’avez pas pris ce quiz